000 00679nam a2200289Ia 4500
005 20260324121738.0
008 008 260324s9999 xx 000 0 eng d
020 _a9780203074787
037 _aEBOOK
040 _aCRL
040 _beng
040 _cCRL
041 _2eng
041 _aeng
084 _qCRL
100 _aNigel Ashton; Bryan Gibson
_91163709
245 4 _aThe Iran-Iraq War
245 0 _bNew International Perspectives
260 _bTaylor and Francis
260 _c2013
365 _a
365 _b265
856 _uhttp://www.taylorfrancis.com/books/9780203074787
942 _cEBOOK
999 _c1756003
_d1756003